Porušené telo

Bibliographic Details
Main Author: Pružinová, Terézia (Author)
Format: Article
Language:Slovak

MARC

LEADER 00000nab a2200000uu 4500
001 vtls010900993
003 SK-MaSNL
005 20260303130751.0
008 230218|1995 xo |||||||||||||||||slo|
015 |a SNBRB 
035 |a (urnnbn)urn:nbn:sk:snk:ar-a07mak 
035 |a (uuid)b439a994-c70f-4fac-aaaa-9df71235afdd 
035 |a urn:nbn:sk:snk-ab8sl9 
040 |a SNKBUCL  |b slo  |c SNKBUCL  |e AACR2 
041 0 |a slo 
044 |a xo  |c SK 
100 1 |a Pružinová, Terézia  |4 aut  |9 821620 
245 1 0 |a Porušené telo  |c Terézia Pružinová 
773 0 |t Efeta - otvor sa : vedecko-odborný časopis o komplexnej rehabilitácii ľudí s postihnutím  |g Roč. 5, č. 1 (1995), s. 29 
954 |a odborná, vedecká literatúra pôvodná (slovenská)  |2 lita 
958 |a OND 
958 |a EUIPO 
958 |a article10 
999 |c 1941821  |d 1943751